000 00597nam a2200205Ia 4500
003 GCL
008 140319s9999 xx 000 0 ara d
040 _aGCL /
_cGCL
082 0 4 _a949.501
_bب ر
100 1 _aسهير القلماوى
245 1 0 _aالرومان /
_cسهير القلماوى
700 1 _aباور، ر. هـ
700 1 _aعبدالرازق يسرى
300 _a232 ص
490 _a100 قصة
_v0
650 0 4 _aالملوك والحكام
650 0 4 _aالامبراطورية الرومانية
650 0 4 _aالحضارة اليونانية
942 _2ddc
_cBK
999 _c44319
_d44319